000
00263nam a22001217a 4500
008
170421b xxu||||| |||| 00| 0 eng d
041
_a
eng
080
_2
2ND
_a
573
100
_a
11
101
_a
SHM
245
_a
ESSENTIALS OF BIOLOGY
_c
JOHNSON
942
_2
udc
_c
BK
999
_c
11539
_d
11539